| 000 | 00778nam a22002537a 4500 | ||
|---|---|---|---|
| 005 | 20220127152900.0 | ||
| 008 | 220127b ||||| |||| 00| 0 eng d | ||
| 020 | _a8172762836 | ||
| 040 | _cAL | ||
| 041 | _aeng | ||
| 082 |
_223 _a324.2092 _bHATA |
||
| 100 |
_aJaisukhlal Hathi _914923 |
||
| 100 |
_914910 _dS Ramakrishnan Ed |
||
| 245 |
_aAs it Happened: _bAn Autobiography |
||
| 260 |
_aMumbai _bBharatiya Vidya Bhavan _c2002 |
||
| 300 |
_axix,516 p. _bPB _c21x14 cm. |
||
| 365 |
_b400.00 _c₹ _d400.00 |
||
| 520 | _aAutobiographical reminiscences of a former Indian cabinet minister and governer. | ||
| 650 |
_aAutobiography _914911 |
||
| 650 |
_aGoverners _914912 |
||
| 700 |
_aHATHI (Jaisukhlal) _914913 |
||
| 710 |
_aRAMAKRISHNAN (S) Ed _914924 |
||
| 942 |
_2ddc _cGF |
||
| 999 |
_c221360 _d221360 |
||